=LDR 00000nam 2200000 4500 =001 INLIS000000000033237 =005 20130612135214 =008 ***********************************ind** =035 ##$$0010-061300000033237 =041 ##$$a ind =082 ##$$a 364.132 2 =090 ##$$a #64.132 2, Sup,k =100 ##$$a Supeno, Hadi =245 ##$$a Korupsi di Daerah, Kesaksian,Pengalaman dan pengakuan, Hadi Supeng;Penyunting,Sobirin Madian =260 ##$$a 2009 $b Yogyakarta =300 ##$$a xxiv,244 hlm., 21 cm =650 ##$$a Korupsi (Dalam Politik) =700 ##$$a Median,Sobirin =850 ##$$a NBPNMAT =990 ##$$a 0001/BPAP-NTB/20142014 =990 ##$$a 0001/BPAP-NTB/20142015 =990 ##$$a 0001/BPAP-NTB/20142015